000
00278nam a22001217a 4500
008
171017b xxu||||| |||| 00| 0 eng d
041
_a
eng
080
_2
12TH
_a
331.101.262
100
_a
52
101
_a
BNJ
245
_a
HUMAN RESOURCE MANAGEMENT
_c
DESSLER,G
942
_2
udc
_c
BK
999
_c
34353
_d
34353